000 00654nam a2200205Ia 4500
003 GCL
008 140319s9999 xx 000 0 eng d
040 _aGCL /
_cGCL
082 0 4 _a025.0285
_bC D
100 1 _aCOOPER, MICHAEL D
245 1 0 _aDESIGN OF LIBRARY AUTOMATION SYSTEMS FILE STRUCTURES, DATA STRUCTURES, AND TOOLS /
_cCOOPER, MICHAEL D
260 _a[S.N] :
_bJOHN WILEY AND SONS. INC ،
_c1996
300 _a638 P
650 0 4 _aDATA STRUCTURES
650 0 4 _aLIBRARIES - AUTOMATION
650 0 4 _aLIBRARY - DATA PROCESSING
650 0 4 _aFILE ORGANIZATION ( COMPTURE SCIENCE )
650 0 4 _aLIBRARIES - DATA PROCESSING
942 _2ddc
_cBK
999 _c13435
_d13435